000 01039cam a2200193 4500
001 ABS66649
008 030430n2003 000 0 eng u
035 _a(Sirsi) u122139
245 _aSpecial report - RAMSAK
260 _c2003
490 _aSouth East Farmer
_v April 2003, 17-33(9)
520 _aA special report on the Ring of Agricultural Machinery in Sussex and Kent (RAMSAK) which is a not-for-profit agricultural co-operative organisation. Despite the name, the services are not limited to machinery and have expanded to include labour, property management, construction and almost any other requirement that the members may need. Members are not just farmers or farmworkers but include property management companies, builders, service companies and property maintenance companies. Looks at how RAMSAK works and case studies of businesses helped by RAMSAK.
590 _aABS
650 _aCO-OPERATIVES
650 _aRURAL ECONOMY
650 _aRURAL BUSINESSES
690 _aRURAL-FARM BUSINESS MANAGEMENT
942 _n0
999 _c72583
_d72583